Normal view
MARC view
- Dr. Ahmed Salman.
Entry Personal Name
001 - CONTROL NUMBER
- control field: 30764
003 - CONTROL NUMBER IDENTIFIER
- control field: NUST
005 - DATE AND TIME OF LATEST TRANSACTION
- control field: 20200924155856.0
008 - FIXED-LENGTH DATA ELEMENTS
- fixed length control field: 200924|| aca||aabn | a|a d
040 ## - CATALOGING SOURCE
- Original cataloging agency: NUST
- Transcribing agency: NUST
100 ## - HEADING--PERSONAL NAME
- Personal name: Dr. Ahmed Salman.
670 ## - SOURCE DATA FOUND
- Source citation: Work cat.: (NUST): Ahmad, Saad 30762, AVITee (Augmented Virtually Intelligent Technology)
